| 000 | 00471nam a2200169Ia 4500 | ||
|---|---|---|---|
| 999 |
_c251 _d251 |
||
| 003 | OSt | ||
| 005 | 20210913152740.0 | ||
| 008 | 190216s9999||||xx |||||||||||||| ||und|| | ||
| 040 | _coclc | ||
| 082 |
_a297 _bWAH/M |
||
| 100 |
_aWahab, Mohamed Bin Abdul _98848 |
||
| 245 | 0 |
_aMuqtasir : _bseerathu rrasool / _cMohamed Bin Abdul Wahab |
|
| 260 | _bHilal Publications, | ||
| 300 | _a512p | ||
| 650 | _aArabic | ||
| 942 |
_cBK _2ddc _h297 _iWAH/M _k297 _mWAH/M |
||